01854nam a2200349 i 4500003000900000005001700009007000300026008004100029020001800070040003000088041000800118082001900126100004400145245037100189264009600560300006900656336002700725337003400752338002800786500006400814504003300878590002700911700003900938700004500977700004801022910000701070942001401077952012801091952013401219952013401353999001701487DO-SdBNP20251103102417.0ta251103b2025 dr ac||| |||| 00| 0 spa d a9786077948049 aDO-SdBNPbspacBNPHUerda aspa 4axxxbV164d2221 aValerio Lora, Mery eautor4aut.98876510aDetrás de la tormenta es donde habita el silencio /cMery Valerio Lora, Engel Valerio ; fotografía, Diego Sánchez, Engel Segura ; corrección de estilo, Alicia Almonte, Liz Alcantara, Pavel Colón ; diseño y diagramación, NG Media ; portada Nelson Gómez ; revisión, José Rafael Vargas, Ligia Amada Melo, Luis García ; prólogo, Omar Fernández. aSanto Domingo, República Dominicana : bEditorial Cámara Nacional de las Artes.c2025. a175 páginas :bilustraciones, retratos, fotografias ;c24 cm.  atextobtxt2rdacontent asin mediación bn2rdamedia avolumenbnc2rdacarrier aIncluye datos biográficos de los autores en las solapas.  aBibliografía: página 175 aInventariado, 2025 /LP1 aSegura, Engel eautor4aut.9887661 aSegura, Engel,efotógrafo4fot.9887661 aSánchez, Diego,efotógrafo4fot.988767 aLP 2ddccLBS1 00102ddc51708PDaBNPHUbBNPHUcHDd2025-08-26eDepósito Legall0oxxx V164dp2025-12330r2025-11-03w2025-11-03yLBS1 00102ddc51708PDaBNPHUbBNPHUcHDd2025-08-26eDepósito Legall0oxxx V164dp2025-12331r2025-11-03te. 2w2025-11-03yLBS1 00102ddc56708DSaBNPHUbBNPHUcHDd2025-08-26eDepósito Legall0oxxx V164dp2025-12332r2025-11-03te. 3w2025-11-03yLBS1 c59997d59997